000 00287nam a22001337a 4500
008 180202b xxu||||| |||| 00| 0 eng d
020 _a9780590413398
041 _aeng
080 _a82
100 _a21
101 _agju
245 _aFAVORITE GREEK MYTH
_cMARY.P
942 _2udc
_cBK
999 _c41653
_d41653